Questions sur la Bible égyptienne : des registres graphiques aux espaces d'écriture /

محفوظ في:

مؤلفون آخرون: Albert, Florence (éd.), Ragazzoli, Chloé (éd.)

التنسيق: كتاب

اللغة: French

منشور في: Cairo : Institut français d'archéologie orientale, 2025.

سلاسل: BiEtud ; 192

الموضوعات:

الوسوم: إضافة وسم

لا توجد وسوم, كن أول من يضع وسما على هذه التسجيلة!

رقم الطلب: DT57 .C18 v.192

LEADER 00856nam a22002297a 4500
003 OSt
005 20260428130139.0
008 260428t2025||||ua ahe||||||||||| ||fre||
020 |a 9782724710892 
050 1 4 |a DT57  |b .C18 v.192 
245 1 0 |a Questions sur la Bible égyptienne :  |b des registres graphiques aux espaces d'écriture /  
264 1 |a Cairo :   |b Institut français d'archéologie orientale,  |c 2025. 
300 |a 509 pages :  |b illustrations en noir et en couleurs, plans, fac-similés ;  |c 29 cm. 
490 0 |a BiEtud ;  |v 192 
500 |a Includes bibliographical references (pages 419-473) and indexes. 
650 4 |a Egyptian language -- Papyri, Hieroglyphic. 
650 4 |a Egyptian language -- Writing, Hieroglyphic. 
650 4 |a Essays. 
700 0 |a Albert, Florence (éd.) 
700 0 |a Ragazzoli, Chloé (éd.) 
942 |2 lcc  |c BK 
999 |c 61898  |d 61898